[Event "VIE-ch U17"]
[Site "Ho Chi Minh City"]
[Date "2014.07.15"]
[Round "4"]
[White "Pham, Nguyen Phuc Chanh"]
[Black "Phun, Nguyen Vu"]
[Result "0-1"]
[WhiteElo "1924"]
[BlackElo "1921"]
[PlyCount "72"]
[EventDate "2014.07.13"]
[EventType "swiss"]
[EventRounds "9"]
[EventCountry "VIE"]
[SourceTitle "EXT 2016"]
[Source "ChessBase"]
[SourceDate "2015.10.08"]
[SourceVersion "1"]
[SourceVersionDate "2015.10.08"]
[SourceQuality "1"]

1. e4 c5 2. Nf3 Nc6 3. d4 cxd4 4. Nxd4 Nf6 5. Nc3 e5 6. Nxc6 bxc6 7. Bc4 Bb4 8. Bg5 h6 9. Bh4 g5 10. Bg3 Qa5 11. Qd3 0-0 12. 0-0 Bxc3 13. bxc3 d5 14. exd5 cxd5 15. Bb3 Ba6 16. c4 Rac8 17. Qf5 Nh5 18. a4 dxc4 19. Ba2 Nf4 20. Bxf4 gxf4 21. Qf6 Bb7 22. Rfe1 Rfe8 23. Rab1 Rc6 24. Qf5 Re7 25. Red1 Rg6 26. f3 Qc5+ 27. Kf1 Bxf3 28. Rd8+ Kg7 29. Qxg6+ fxg6 30. gxf3 Qe3 31. Rbb8 Qxf3+ 32. Kg1 Qe3+ 33. Kf1 f3 34. Rg8+ Kf6 35. Rbf8+ Kg5 36. Bxc4 Qc1+ 0-1